Metody issledovanija Demografija: problemy i perspektivy

Saved in:
Bibliographic Details
Format: Book
Language:Russian
Published: Moskva Mysl' 1986
Edition:1. izd.
Tags: Add Tag
No Tags, Be the first to tag this record!

MARC

LEADER 00000nam a2200000 4500
001 c034285
005 20221220073931.6
041 0 |a rus 
044 |a RU 
245 1 0 |a Metody issledovanija  |b Demografija: problemy i perspektivy 
250 |a 1. izd. 
264 1 |a Moskva  |b Mysl'  |c 1986 
300 |a 184 s.